| 000 | 00863nam a22002177i 4500 | ||
|---|---|---|---|
| 003 | OSt | ||
| 005 | 20171115170323.0 | ||
| 008 | 171115e201704 spc|||| |||| 0|0 0 spa|d | ||
| 017 |
_aDL B 9427-2017 _bBiblioteca de Catalunya |
||
| 020 | _a9788408174714 | ||
| 040 |
_aES-BaBC _bcat _cCDMR |
||
| 100 | 1 | _aBerzosa, Millán I., | |
| 245 | 1 | 0 |
_aYoutubers y otras especies _b: el fenómeno que ha cambiado la manera de entender los contenidos audiovisuales / _cMillán I. Berzosa |
| 260 |
_aBarcelona : _aMadrid : _bAriel ; _bFundación Telefónica, _cabril de 2017 |
||
| 300 |
_a188 pàgines : _bil·lustracions ; _c23 cm |
||
| 650 | 7 |
_aYouTube (Recurs electrònic) _2lemac |
|
| 650 | 0 | 7 |
_aXarxes socials en línia _xAspectes socials _2lemac _93128 |
| 650 | 0 | 7 |
_aComunicació audiovisual _xAspectes socials _2lemac _92084 |
| 710 |
_aFundación Telefónica _94583 |
||
| 942 | _cMON | ||
| 999 |
_c7077 _d7077 |
||